| 000 -LEADER |
| fixed length control field |
00712nam a2200229Ia 4500 |
| 001 - CONTROL NUMBER |
| control field |
3268 |
| 003 - CONTROL NUMBER IDENTIFIER |
| control field |
GE_BSU |
| 008 - FIXED-LENGTH DATA ELEMENTS--GENERAL INFORMATION |
| fixed length control field |
181216s||||||||xx |||||||||||||| ||und|| |
| 040 ## - CATALOGING SOURCE |
| Transcribing agency |
GE_BSU |
| 080 ## - UNIVERSAL DECIMAL CLASSIFICATION NUMBER |
| Universal Decimal Classification number |
517(076.1) |
| 100 ## - MAIN ENTRY--PERSONAL NAME |
| Personal name |
Берман,Г.Н |
| 245 ## - TITLE STATEMENT |
| Title |
Сборник задач по курсу математического анализа. |
| 245 ## - TITLE STATEMENT |
| Remainder of title |
Учебник. |
| 245 ## - TITLE STATEMENT |
| Statement of responsibility, etc. |
Ред.Л.Араманович. |
| 250 ## - EDITION STATEMENT |
| Edition statement |
Изд. 18-ое,стереотипное. |
| 260 ## - PUBLICATION, DISTRIBUTION, ETC. |
| Place of publication, distribution, etc. |
Москва |
| 260 ## - PUBLICATION, DISTRIBUTION, ETC. |
| Name of publisher, distributor, etc. |
Наука. |
| 260 ## - PUBLICATION, DISTRIBUTION, ETC. |
| Date of publication, distribution, etc. |
1975. |
| 300 ## - PHYSICAL DESCRIPTION |
| Extent |
416стр. с илл. |
| 653 ## - INDEX TERM--UNCONTROLLED |
| Uncontrolled term |
Сборник задач по курсу математического анализа |
| 942 ## - ADDED ENTRY ELEMENTS (KOHA) |
| Koha item type |
წიგნი |